Výsledky súťaže o najkrajšiu slovenskú pamätnú mincu

Národná banka Slovenska zorganizovala pri príležitosti 10. výročia svojho vzniku súťaž o najkrajšiu slovenskú pamätnú mincu. Do súťaže bolo zaradených 44 pamätných mincí, ktoré NBS vydala za 10 rokov svojej činnosti.

Gespeichert in:
Bibliographische Detailangaben
1. Verfasser: Flaché, Dagmar
Format: Buchkapitel
Sprache:Slowakisch
Schlagworte:
Tags: Tag hinzufügen
Keine Tags, Fügen Sie das erste Tag hinzu!

MARC

LEADER 00000naa a2200000 4500
001 r048306
005 20220317093549.1
041 0 |a slo 
044 |a SK 
245 1 0 |a Výsledky súťaže o najkrajšiu slovenskú pamätnú mincu  |c Dagmar Flaché 
520 |a Národná banka Slovenska zorganizovala pri príležitosti 10. výročia svojho vzniku súťaž o najkrajšiu slovenskú pamätnú mincu. Do súťaže bolo zaradených 44 pamätných mincí, ktoré NBS vydala za 10 rokov svojej činnosti. 
610 2 0 |a mince 
610 2 0 |a NBS Bratislava 
610 2 0 |a Slovensko 
610 2 0 |a súťaže 
610 2 0 |a 1993-2002 
100 1 |a Flaché, Dagmar